Datuk Seri Najib : (Record no. 4042)

000 -LEADER
fixed length control field nam a22 a 4500
003 - CONTROL NUMBER IDENTIFIER
control field AKMAL
005 - DATE AND TIME OF LATEST TRANSACTION
control field 20170525084457.0
008 - FIXED-LENGTH DATA ELEMENTS--GENERAL INFORMATION
fixed length control field 170525s2010 my | e | 000 0bmay d
020 ## - INTERNATIONAL STANDARD BOOK NUMBER
International Standard Book Number 9789839941760
040 ## - CATALOGING SOURCE
Original cataloging agency AKMAL
Transcribing agency AKMAL
082 04 - DEWEY DECIMAL CLASSIFICATION NUMBER
Classification number 923.2595 PAR
Edition number 22
090 ## - LOCALLY ASSIGNED LC-TYPE CALL NUMBER (OCLC); LOCAL CALL NUMBER (RLIN)
Classification number (OCLC) (R) ; Classification number, CALL (RLIN) (NR) 923.2595
Local cutter number (OCLC) ; Book number/undivided call number, CALL (RLIN) PAR
100 0# - MAIN ENTRY--PERSONAL NAME
Personal name Paridah Abd. Samad,
Dates associated with a name 1952-
9 (RLIN) 7918
245 10 - TITLE STATEMENT
Title Datuk Seri Najib :
Remainder of title waris politik terulung Malaysia yang pertama : liku-liku perjalanan politik : daripada seorang anak emas politik negara kepada Perdana Menteri Malaysia keenam : biografi politik /
Statement of responsibility, etc. diterjemahkan oleh : Asri Salleh ; [penulis] Paridah Abdul Samad
260 ## - PUBLICATION, DISTRIBUTION, ETC.
Place of publication, distribution, etc. Kuala Lumpur :
Name of publisher, distributor, etc. Partisan Publication & Distribution,
Date of publication, distribution, etc. 2009
300 ## - PHYSICAL DESCRIPTION
Extent xxiv, 458ms. ;
Dimensions 25cm.
600 00 - SUBJECT ADDED ENTRY--PERSONAL NAME
Personal name Najib Tun Abdul Razak,
Titles and other words associated with a name Dato' Seri,
Dates associated with a name 1953-
9 (RLIN) 7919
650 10 - SUBJECT ADDED ENTRY--TOPICAL TERM
Topical term or geographic name entry element Prime minister
Geographic subdivision Malaysia
Form subdivision Biography
9 (RLIN) 7920
650 20 - SUBJECT ADDED ENTRY--TOPICAL TERM
Topical term or geographic name entry element Politicians
Geographic subdivision Malaysia
Form subdivision Biography
9 (RLIN) 215
650 #0 - SUBJECT ADDED ENTRY--TOPICAL TERM
Topical term or geographic name entry element Malaysia
General subdivision Politics and government
9 (RLIN) 48
700 0# - ADDED ENTRY--PERSONAL NAME
Personal name Asri Salleh
9 (RLIN) 7921
942 ## - ADDED ENTRY ELEMENTS (KOHA)
Source of classification or shelving scheme
Koha item type Book
Holdings
Withdrawn status Lost status Source of classification or shelving scheme Damaged status Not for loan Collection code Home library Current library Shelving location Date acquired Inventory number Total Checkouts Full call number Barcode Date last seen Price effective from Koha item type
          NON-FICTION AKMAL Melaka AKMAL Melaka PINJAMAN 25.05.2017 900557   923.2595 PAR 201705311 25.05.2017 25.05.2017 Book
            AKMAL Melaka AKMAL Melaka   11.05.2023 011542   923.2595 PAR 201708206 11.05.2023 11.05.2023 Book
Pusat Sumber Maklumat Dato' Haji Sarmin Md Hussin, Akademi Kastam Diraja Malaysia, Melaka
Tel: 06-2331106 | Faks: 06-2313787